| 000 -LEADER |
| fixed length control field |
02315 a2200289 4500 |
| 003 - CONTROL NUMBER IDENTIFIER |
| control field |
OSt |
| 005 - DATE AND TIME OF LATEST TRANSACTION |
| control field |
20180116182706.0 |
| 008 - FIXED-LENGTH DATA ELEMENTS--GENERAL INFORMATION |
| fixed length control field |
160427b xxu||||| |||| 00| 0 eng d |
| 020 ## - INTERNATIONAL STANDARD BOOK NUMBER |
| International Standard Book Number |
0195165799 |
| 020 ## - INTERNATIONAL STANDARD BOOK NUMBER |
| International Standard Book Number |
9780195165791 |
| 040 ## - CATALOGING SOURCE |
| Transcribing agency |
0 |
| 082 04 - DEWEY DECIMAL CLASSIFICATION NUMBER |
| Classification number |
616.8914 |
| 100 ## - MAIN ENTRY--PERSONAL NAME |
| Personal name |
Norcross, John C. |
| 245 00 - TITLE STATEMENT |
| Title |
Handbook of psychotherapy integration. |
| Statement of responsibility, etc. |
Norcross, John C. |
| 250 ## - EDITION STATEMENT |
| Edition statement |
2nd ed. |
| 260 ## - PUBLICATION, DISTRIBUTION, ETC. |
| Place of publication, distribution, etc. |
[S.l.] : |
| Name of publisher, distributor, etc. |
Oxford University Press, USA, |
| Date of publication, distribution, etc. |
2005. |
| 300 ## - PHYSICAL DESCRIPTION |
| Extent |
568 p. ; |
| Dimensions |
26 cm. |
| 490 1# - SERIES STATEMENT |
| Series statement |
Clinical psychology. |
| 500 ## - GENERAL NOTE |
| General note |
Hardcover. |
| 520 ## - SUMMARY, ETC. |
| Summary, etc. |
The 13 years between the publication of the original edition of the handbook and this second edition have been marked by memorable growth in psychotherapy integration. The original classic was the first compilation of the early integrative approaches and was hailed by one reviewer as "the bible of the integration movement." In the interim, psychotherapy integration has grown into a mature, empirically supported, and international movement. This second edition provides a state-of-the-art, comprehensive description of psychotherapy and its clinical practices by leading proponents. In addition to updates of all of the chapters, the new edition features: (1) eight new chapters covering topics such as cognitive-analytic therapy, integrative psychotherapy with culturally diverse clients, cognitive-behavioral analysis system, and blending spirituality with psychotherapy, (2) an entirely new section with two chapters on assimilative integration, (3) updated reviews of the empirical research on integrative and eclectic treatments, (4) chapter guidelines that facilitate comparative analyses and ensure comprehensiveness, and (5) a summary outline to help readers compare the integrative approaches. Blending the best of clinical expertise, empirical research, and theoretical pluralism, the revision of this "integration bible" will prove invaluable to practitioners, researchers, and students alike. |
| 700 1# - ADDED ENTRY--PERSONAL NAME |
| Personal name |
Norcross, John C. |
| 700 1# - ADDED ENTRY--PERSONAL NAME |
| Personal name |
Goldfried, Marvin R. |
| 830 #0 - SERIES ADDED ENTRY--UNIFORM TITLE |
| Uniform title |
Clinical psychology. |
| 856 40 - ELECTRONIC LOCATION AND ACCESS |
| Materials specified |
Amazon.com |
| Uniform Resource Identifier |
<a href="http://www.amazon.com/exec/obidos/ASIN/0195165799/chopaconline-20">http://www.amazon.com/exec/obidos/ASIN/0195165799/chopaconline-20</a> |
| 856 40 - ELECTRONIC LOCATION AND ACCESS |
| Materials specified |
Amazon customer reviews |
| Uniform Resource Identifier |
<a href="http://www.chopac.org/cgi-bin/tools/azrev.pl?q=0195165799">http://www.chopac.org/cgi-bin/tools/azrev.pl?q=0195165799</a> |
| 942 ## - ADDED ENTRY ELEMENTS (KOHA) |
| Institution code [OBSOLETE] |
NBS |
| Koha item type |
Book |
| Call number prefix |
616.8914 NOR |
| Source of classification or shelving scheme |
|